Responses for show #4791 - Monday, June 6, 2005

Contestants

[<< previous game]

Brice Sunderland, a teacher and athletic director from San Bernardino, California

Rosemarie Keenan, a research administrator from Seattle, Washington

Tom Walker, a lawyer from Boston, Massachusetts (whose 1-day cash winnings total $23,201)

[next game >>]

Jeopardy! Round responses

BLOWIN' IN THE WIND
IT AIN'T ME, BABE
LIKE A ROLLING STONE
THE TIMES THEY ARE A-CHANGIN'
YOU GOTTA SERVE SOMEBODY
JUST LIKE A WOMAN
(Alex: And in that category, each correct response will sound like the word "woman".)
    $200 1
a tornado

Tom
    $200 26
[Brice gives only the last name, then struggles to come up with the first name.]
(Alex: Yeah. But I just wanted to see if your brain would kick in, since we have "Blowin' In The Wind" and all those other titles up there, if you would get it.)

(Bob) Dylan

Brice
    $200 16
Indiana Jones

Tom
    $200 21
The Doors

Brice
    $200 6
J. Edgar Hoover

Tom
    $200 11
the Roman Empire

Tom
    $400 2
Australia

Brice
    $400 27
Marilyn Monroe

Tom
    $400 17
backgammon

Brice
    $400 22
e-mail

Brice
    $400 7
the Ku Klux Klan

Rosemarie
    $400 12
John Wooden

Brice
    $1,000 3
(Sir Francis) Beaufort

Brice
    $600 28
Woody Allen

Brice
    $600 18
a minnow

Tom
    $600 23
a credit card

Brice
    $600 8
the First World War

Tom
    $600 13
(Willy) Loman

Tom
    $800 4
Argentina

Brice
    $800 29
Winona Ryder

Brice
    $800 19
Pele

Brice
    $800 24
Sesame Street

Tom
    $800 9
(Brice: Who is Thomas Jefferson?)

Ben Franklin

TomBrice
    $800 14
Top Ramen

Brice
    $1000 5
a squall

Triple Stumper
    $1000 30
(Brice: Who is Tab Hunter?)

Rock Hudson

RosemarieBrice
    $1000 20
Sisyphus

Tom
    $1000 25
magnets

Rosemarie
    $1000 10
mammon (money later accepted)

Rosemarie
    $1000 15
yeoman

Brice

Scores at the first commercial break (after clue 15):

Tom Rosemarie Brice
$2,600 $1,400 $3,600

Scores at the end of the Jeopardy! Round:

Tom Rosemarie Brice
$5,600 $3,400 $6,600

Double Jeopardy! Round responses

THAT'S JUST CLASSIC!
YOU DESERVE A SHOWBIZ AWARD!
CANADIAN GEOGRPAPHY
FLY FISHING
POLLY "ANNA"s
WE GET LETTERS
    $400 22
the piano

Brice
    $400 7
(Brice: What are musicals?)

animation

Brice
Triple Stumper
    $400 13
Toronto

Tom
    $400 8
a (rainbow) trout

Brice
    $400 1
Annabel Lee

Tom
    $400 2
B&O

Brice
    $800 23
"Ride of the Valkyrie"

Brice
    $800 18
the Emmy

Brice
    $800 14
Prince Edward Island

Brice
    $800 9
A River Runs Through It

Brice
    $800 3
Q

Brice
    $1200 24
(Tom: Who is Yo-Yo Ma?)

(Charlotte) Church

TomRosemarie
    $1200 19
(Tom: What are African-Americans?)

children

TomBrice
    $1200 15
Great Bear Lake (or Great Slave Lake)

Tom
    $1200 10
an eddy

Brice
    $1200 28
Anna Christie

Triple Stumper
    $1200 4
(Alex: Yes, we've got Adams, Bush, and Carter, but no [*].)

D

Brice
    $1600 25
the Huguenots

Tom
    $2,600 20
The People's Choice Awards

Brice
    $1600 16
the MacKenzie

Triple Stumper
    $1600 11
hackles

Brice
    $1600 27
(Brice: What is The King and I?)
...
(Alex: Yes, that was the title of her book.)

Anna and the King of Siam

RosemarieBrice
    $2,000 5
(Tom: What is K, G and N?)

K, G & H

Brice
    $2000 21
(Bryce: What are the Obies?)

the Clio Awards

Brice
Triple Stumper
    $2000 17
(Rosemarie: What is Baffin Island?)
...
(Alex: There's another bigger one, further north, and that is [*].)

Ellesmere Island

Rosemarie
Triple Stumper
    $2000 12
wet (fly)

Brice
    $2000 26
Anna Livia Plurabelle

Triple Stumper
    $2000 6
N

Triple Stumper

Scores at the end of the Double Jeopardy! Round:

Tom Rosemarie Brice
$6,800 $4,200 $15,600
(lock game)

[wagering suggestions for these scores]

Final Jeopardy! Round responses

CONTEMPORARY QUOTATIONS
RosemarieWho is Al Gore?
$4,100
TomWho is Al Gore?
$2,700
BriceWho is BIll Clinton?
$1,400
Al Gore

Final scores:

Tom Rosemarie Brice
$9,500 $8,300 $14,200
2nd place: $2,000 3rd place: $1,000 New champion: $14,200

Game dynamics:

Coryat scores:

Tom Rosemarie Brice
$6,800 $4,200 $16,200
15 R,
2 W
6 R,
1 W
28 R
(including 2 DDs),
6 W
(including 1 DD)

Combined Coryat: $27,200

The J! Archive is created by fans, for fans. The Jeopardy! game show and all elements thereof, including but not limited to copyright and trademark thereto, are the property of Jeopardy Productions, Inc. and are protected under law. This website is not affiliated with, sponsored by, or operated by Jeopardy Productions, Inc. Join the discussion at JBoard.tv.